ბათუმის შოთა რუსთაველის სახელმწიფო უნივერსიტეტის ბიბლიოთეკა

ბოჭკოვან–ოპტიკური ტელეკომუნიკაცია (ბიბ.ჩანაწერი № 42767)

000 -LEADER
fixed length control field 00828nam a2200241Ia 4500
001 - CONTROL NUMBER
control field 9473
003 - CONTROL NUMBER IDENTIFIER
control field GE_BSU
008 - FIXED-LENGTH DATA ELEMENTS--GENERAL INFORMATION
fixed length control field 181216s||||||||xx |||||||||||||| ||und||
020 ## - INTERNATIONAL STANDARD BOOK NUMBER
International Standard Book Number 9941143113
040 ## - CATALOGING SOURCE
Transcribing agency GE_BSU
080 ## - UNIVERSAL DECIMAL CLASSIFICATION NUMBER
Universal Decimal Classification number 621.397(075.8)
100 ## - MAIN ENTRY--PERSONAL NAME
Personal name ნანობაშვილი,ვ.
245 ## - TITLE STATEMENT
Title ბოჭკოვან–ოპტიკური ტელეკომუნიკაცია
245 ## - TITLE STATEMENT
Remainder of title სახელმძღვანელო
260 ## - PUBLICATION, DISTRIBUTION, ETC.
Place of publication, distribution, etc. თბილისი
260 ## - PUBLICATION, DISTRIBUTION, ETC.
Name of publisher, distributor, etc. ტექნიკური უნ–ტი
260 ## - PUBLICATION, DISTRIBUTION, ETC.
Date of publication, distribution, etc. 2009
300 ## - PHYSICAL DESCRIPTION
Extent 132გვ.ცხრ.20სმ.
300 ## - PHYSICAL DESCRIPTION
Accompanying material ბიბლიოგრ. გვ. 132
653 ## - INDEX TERM--UNCONTROLLED
Uncontrolled term ბოჭკოვან–ოპტიკური ტელეკომუნიკაცია
942 ## - ADDED ENTRY ELEMENTS (KOHA)
Koha item type წიგნი
ეგზემპლარები
Withdrawn status Lost status Damaged status Not for loan Date acquired Barcode Date last seen Price effective from Koha item type
        2018-12-17 32604 2018-12-17 2018-12-17 წიგნი
        2018-12-17 32605 2018-12-17 2018-12-17 წიგნი
        2018-12-17 32606 2018-12-17 2018-12-17 წიგნი
        2018-12-17 32607 2018-12-17 2018-12-17 წიგნი